000 00290nam a22001097a 4500
008 230620b xxu||||| |||| 00| 0 eng d
082 _a323
_bUN 1988
245 _aA Compilation of International Instruments
260 _aNew York
_bUnited Nations
_c1988
300 _aVII,416p
942 _2ddc
_cBK
999 _c1744
_d1744